000 00466nam a2200181Ia 4500
001 17780
005 20260306171542.0
008 260306s9999||||xx |||||||||||||| ||und||
041 _aESP
082 _a658.16
_bA62
100 _aAntezana Delgado, Juan
_eAUT
245 0 _aCreación de valor en funciones en la industria de consumo masivo
260 _c2006
300 _a176 páginas :
_c23 cm.
650 _aGEN
654 _aCAN
942 _cLIB
_dJUS
_fJUS
_2ddc
_n
999 _c17780
_d17780